00638nam a2200169 a 450000100100000000500170001000800410002704000250006808200150009310000260010824500490013426000210018330000200020495201130022495201140033799900170045100003643720200930075730.0120117s19uu dr b 000 0 spa d aDO-SdBNPbspacBNPHU axxxxbxxxx1 aBaurin, jeanne96265613aLe bonheur est une femme / :bJeanne Bourin. a[s.n.],c[19uu]? a462p. ;c20 cm. 0010718PDaGRbGRcHDd2012-01-17iLF1l0oxxxx xxxxp36438-10r2020-06-25w2020-06-25yLFPDZNo se presta 00107-18PDaGRbGRcOId2012-01-17iLF1l0oxxxx xxxxp36439-10r2020-06-25w2020-06-25yLFPDZNo se presta c35928d35928